000 00259pab a2200109 454500
008 180718b xxu||||| |||| 00| 0 eng d
100 _aChakraborty, Nitya
245 _aEmerging relationship with NRIS
650 _aIndians Abroad
773 _aYojana
909 _a2674
999 _c2674
_d2674